Lynda - Bouteille à la mer (Paroles) - Statistiques

Statistiques générales
  • Ce quiz a été pris 31 fois
  • Le résultat moyen est 330 sur 373
Statistiques - réponses
Couplets Paroles % Correct
pas
100%
a
94%
à
94%
amour
94%
autour
94%
c'est
94%
C'est
94%
cœur
94%
con
94%
confiance
94%
court
94%
dernier
94%
des
94%
donné
94%
du
94%
égo
94%
est
94%
Et
94%
et
94%
fais
94%
j'ai
94%
Refrain 1 : | Refrain 2 : | Refrain 3 : J'ai
94%
je
94%
Je
94%
joue
94%
Le
94%
libérer
94%
ma
94%
mal
94%
me
94%
mes
94%
Couplet 1 : Mon
94%
mon
94%
mort
94%
ne
94%
peux
94%
plus
94%
premier
94%
qu'à
94%
Quand
94%
quand
94%
que
94%
qui
94%
rêve
94%
rien
94%
seul
94%
sous
94%
te
94%
Toi
94%
toi
94%
tout
94%
trop
94%
actes
89%
beaucoup
89%
d'efforts
89%
dis
89%
été
89%
jamais
89%
n'ai
89%
Oh
89%
oublié
89%
pour
89%
pris
89%
raison
89%
sais
89%
t'ai
89%
tours
89%
Pré-refrain 1 : | Pré-refrain 2 : Tu
89%
tu
89%
un
89%
vois
89%
y'a
89%
en
83%
la
83%
83%
les
83%
mots
83%
n'avais
83%
suivent
83%
t'aime
83%
t'es
83%
même
78%
pareil
78%
temps
78%
tous
78%
autres
72%
avec
72%
bouteille
72%
chercher
72%
défaut
72%
Couplet 3 : Depuis
72%
enfer
72%
erreurs
72%
faire
72%
Il
72%
il
72%
jette
72%
j'fais
72%
j'les
72%
J'me
72%
Mais
72%
mais
72%
mêmes
72%
mer
72%
paradis
72%
tard
72%
toujours
72%
viennes
72%
compare
67%
espérant
67%
Couplet 2 : J'perds
67%
j'transforme
67%
leur
67%
notre
67%
n'y
67%
perdu
67%
plaire
67%
vouloir
67%
ouais
61%
réveille
61%
tords
61%
torts
61%
scellé
56%
yeah
28%
Aucun quiz correspondant
Distribution des résultats
% des personnes avec chaque résultat
Percentile par nombre de réponses
Votre historique - résultats
Vous n’avez pas pris ce quiz